Coordination Chemistry

Enregistré dans:
Détails bibliographiques
Auteur principal: Martell, Arthur E.
Format: Livre
Langue:anglais
Publié: Washington American Chemical Society 1978
Édition:1. vyd.
Collection:ACS Monograph 174
Sujets:
Accès en ligne:Voir à l'OPAC
Tags: Ajouter un tag
Pas de tags, Soyez le premier à ajouter un tag!

MARC

LEADER 00000nam a2200000 a 4500
005 20260127133948.0
008 050415 1978 xxu 000 0 eng d
020 |a 0841202923 
035 |a vtls001523869 
039 9 |y 200504150930  |z mschk03 
040 |a STUSCHK1  |b slo  |c STUSCHK1  |e AACR2 
080 |a 541.49 
100 1 |a Martell, Arthur E. 
245 1 |a Coordination Chemistry 
250 |a 1. vyd. 
260 |a Washington  |b American Chemical Society  |c 1978 
300 |a x, 636 s. 
490 0 |a ACS Monograph 174 
650 0 |a koordinačná chémia 
910 |a SCHK95 
919 |a 0-8412-0292-3 
999 |c 998  |d 998